[Event "25. Copenhagen Open  (Politiken Cup)"]
[Site "Copenhagen"]
[Date "2003.07.20"]
[Round "7"]
[White "Manley, Christian"]
[Black "Agustsson, Hafsteinn"]
[Result "0-1"]
[WhiteElo "1613"]
[BlackElo "1929"]
[PlyCount "88"]
[EventDate "2003.07.14"]
[EventType "swiss"]
[EventRounds "11"]
[EventCountry "DEN"]
[SourceDate "2004.01.01"]

1. d4 Nf6 2. c4 e6 3. Nc3 Bb4 4. Bd2 O-O 5. Nf3 d5 6. e3 b6 7. Qb3 c5 8. a3
Bxc3 9. Bxc3 Ne4 10. cxd5 Nxc3 11. Qxc3 cxd4 12. Qxd4 Qxd5 13. Qxd5 exd5 14.
Rc1 Na6 15. Bxa6 Bxa6 16. Kd2 Rac8 17. Rxc8 Rxc8 18. Rc1 Rc5 19. Rxc5 bxc5 20.
Ne5 Bb5 21. Kc3 a5 22. Nf3 a4 23. b4 axb3 24. Kxb3 f6 25. Nd2 Kf7 26. Kc3 Ke6
27. Kb3 Ke5 28. a4 Be2 29. Kc3 Bd1 30. a5 Kd6 31. e4 d4+ 32. Kd3 Kc6 33. Nc4
Ba4 34. f4 Bb5 35. g4 Kd7 36. f5 Kc7 37. h4 Kd7 38. e5 fxe5 39. g5 Ke7 40. h5
Kf7 41. Ke4 Bxc4 42. Kxe5 d3 43. Kd6 d2 44. Kxc5 Bf1 0-1

[Event "25. Copenhagen Open  (Politiken Cup)"]
[Site "Copenhagen"]
[Date "2003.07.20"]
[Round "7"]
[White "Michelakis, George"]
[Black "Hartvig, Ove Weiss"]
[Result "1-0"]
[WhiteElo "2405"]
[BlackElo "2295"]
[PlyCount "55"]
[EventDate "2003.07.14"]
[EventType "swiss"]
[EventRounds "11"]
[EventCountry "DEN"]
[SourceDate "2004.01.01"]

1. d4 f5 2. g3 Nf6 3. Bg2 g6 4. Nf3 Bg7 5. c4 d6 6. O-O O-O 7. Nc3 Qe8 8. d5
Na6 9. Rb1 Nc5 10. Nd4 a5 11. b3 Bd7 12. Bb2 c6 13. a3 e5 14. dxe6 Nxe6 15.
Nxe6 Qxe6 16. Qd2 Rfd8 17. Rfe1 Qe7 18. e4 Qf8 19. Rbd1 Be6 20. h3 Bh6 21. f4
Nh5 22. exf5 Bxf5 23. Qf2 Bc8 24. Ne4 Bg7 25. Bxg7 Nxg7 26. g4 a4 27. Qh4 h5
28. Nf6+ 1-0

[Event "25. Copenhagen Open  (Politiken Cup)"]
[Site "Copenhagen"]
[Date "2003.07.20"]
[Round "7"]
[White "Mortensen, Henrik"]
[Black "Forsmann, Henning"]
[Result "0-1"]
[WhiteElo "2027"]
[BlackElo "1575"]
[PlyCount "92"]
[EventDate "2003.07.14"]
[EventType "swiss"]
[EventRounds "11"]
[EventCountry "DEN"]
[SourceDate "2004.01.01"]

1. e4 c5 2. Ne2 Nc6 3. c4 Nf6 4. Nbc3 d6 5. d4 cxd4 6. Nxd4 a6 7. Be2 Qc7 8.
Be3 e6 9. Qd2 Ne5 10. Rc1 Be7 11. h3 O-O 12. O-O b6 13. f4 Ned7 14. b4 Bb7 15.
Bd3 Rfe8 16. a3 Rac8 17. g4 g6 18. g5 Nh5 19. f5 d5 20. Qf2 Qg3+ 21. Qxg3 Nxg3
22. fxe6 fxe6 23. Rf2 e5 24. Nde2 dxe4 25. Nxg3 exd3 26. Nce4 Rf8 27. Rxf8+
Nxf8 28. Bxb6 Ne6 29. Be3 Nf4 30. Nc5 Bxc5 31. Bxc5 Nxh3+ 32. Kf1 Nxg5 33. Rd1
e4 34. Kf2 Re8 35. Ke3 h5 36. Bd6 Nf7 37. Bc7 Rc8 38. Bb6 Rxc4 39. Rg1 Kh7 40.
Bd4 Nd6 41. Bf6 Rc2 42. Nxh5 Nf5+ 43. Kf4 e3 44. Ng3 Rf2+ 45. Kg5 d2 46. Nf1
d1=Q 0-1

[Event "25. Copenhagen Open  (Politiken Cup)"]
[Site "Copenhagen"]
[Date "2003.07.20"]
[Round "7"]
[White "Moller, Arne"]
[Black "Struch, Thomas"]
[Result "0-1"]
[WhiteElo "1975"]
[BlackElo "1600"]
[PlyCount "49"]
[EventDate "2003.07.14"]
[EventType "swiss"]
[EventRounds "11"]
[EventCountry "DEN"]
[SourceDate "2004.01.01"]

1. e4 c5 2. Nf3 Nc6 3. d4 cxd4 4. Nxd4 Nf6 5. Nc3 e5 6. Nb3 Bb4 7. Bd3 d5 8.
exd5 Nxd5 9. Bd2 Bxc3 10. bxc3 O-O 11. O-O f5 12. c4 Nf6 13. f3 e4 14. fxe4
fxe4 15. Be2 Nd4 16. Be3 Nxe2+ 17. Qxe2 Bg4 18. Qe1 Qc7 19. Qb4 Be2 20. Rfe1
Ng4 21. g3 Bxc4 22. Bc5 Bxb3 23. Bxf8 Bd5 24. c4 Rxf8 25. cxd5 0-1

[Event "25. Copenhagen Open  (Politiken Cup)"]
[Site "Copenhagen"]
[Date "2003.07.20"]
[Round "7"]
[White "Moller, Frederik Oest"]
[Black "Norton, Craig"]
[Result "1-0"]
[WhiteElo "1928"]
[BlackElo "2127"]
[PlyCount "47"]
[EventDate "2003.07.14"]
[EventType "swiss"]
[EventRounds "11"]
[EventCountry "DEN"]
[SourceDate "2004.01.01"]

1. e4 c5 2. Nf3 d6 3. d4 cxd4 4. Nxd4 Nf6 5. Nc3 g6 6. Be3 Bg7 7. f3 Nc6 8. Qd2
O-O 9. Bc4 Bd7 10. O-O-O Ne5 11. Bb3 Qa5 12. h4 Rfc8 13. g4 b5 14. h5 Nc4 15.
Bxc4 bxc4 16. Bh6 Bh8 17. Nf5 Bxf5 18. exf5 Rab8 19. hxg6 fxg6 20. Qe3 e5 21.
g5 Rxb2 22. Kxb2 e4 23. Kc1 Nd5 24. Rxd5 1-0

[Event "25. Copenhagen Open  (Politiken Cup)"]
[Site "Copenhagen"]
[Date "2003.07.20"]
[Round "7"]
[White "Nielsen, Erik"]
[Black "Stolberg-Rohr, Thomine"]
[Result "0-1"]
[WhiteElo "1389"]
[BlackElo "1773"]
[PlyCount "56"]
[EventDate "2003.07.14"]
[EventType "swiss"]
[EventRounds "11"]
[EventCountry "DEN"]
[SourceDate "2004.01.01"]

1. f4 e5 2. fxe5 d6 3. exd6 Bxd6 4. Nf3 g5 5. g3 h5 6. d4 f6 7. Qd3 Qe7 8. Qg6+
Kf8 9. Bg2 Nh6 10. Nxg5 Bf5 11. Qxh5 Bg4 12. Nh7+ Qxh7 13. Bxh6+ Qxh6 14. Qxg4
Nc6 15. Nd2 Rg8 16. Qe4 Re8 17. Qd3 Nb4 18. Qc3 Re3 19. Qc4 b5 20. Qxb5 Nxc2+
21. Kf2 Rg5 22. Qb8+ Re8 23. Qxa7 Rf5+ 24. Nf3 Qe3+ 25. Kf1 Qxe2+ 26. Kg1 Nxa1
27. Qb7 Qe3+ 28. Kf1 Qe1# 0-1

[Event "25. Copenhagen Open  (Politiken Cup)"]
[Site "Copenhagen"]
[Date "2003.07.20"]
[Round "7"]
[White "Nielsen, Jan Mose"]
[Black "Tuomisto, Keijo"]
[Result "1/2-1/2"]
[WhiteElo "2111"]
[BlackElo "1780"]
[PlyCount "84"]
[EventDate "2003.07.14"]
[EventType "swiss"]
[EventRounds "11"]
[EventCountry "DEN"]
[SourceDate "2004.01.01"]

1. d4 g6 2. c4 Bg7 3. Nc3 d6 4. e4 Nd7 5. Be3 e5 6. d5 Ne7 7. g4 b6 8. Qd2 h5
9. gxh5 Rxh5 10. Be2 Rh8 11. h4 Nf6 12. O-O-O Neg8 13. Bg5 Qe7 14. Nh3 Bh6 15.
f4 Bxh3 16. Rxh3 exf4 17. Bxf4 Bxf4 18. Qxf4 Nd7 19. Nb5 Ne5 20. Rdh1 Nh6 21.
Kd1 Kd7 22. b4 f5 23. Nd4 Raf8 24. c5 dxc5 25. Bb5+ Kd6 26. bxc5+ bxc5 27. Ne6
Rb8 28. a4 a6 29. Bxa6 Rb1+ 30. Kc2 Rxh1 31. Rxh1 Nhg4 32. Qg3 c6 33. Nxc5 Qa7
34. Nb7+ Kc7 35. d6+ Kd7 36. exf5 Ne3+ 37. Kc1 Qd4 38. Qe1 Rb8 39. Rh3 Nd5 40.
Qd1 Qa1+ 41. Kd2 Qd4+ 42. Kc1 Qa1+ 1/2-1/2

[Event "25. Copenhagen Open  (Politiken Cup)"]
[Site "Copenhagen"]
[Date "2003.07.20"]
[Round "7"]
[White "Nielsen, Jrgen Kamp"]
[Black "Edvardsson, Hannu Kalervo"]
[Result "1-0"]
[WhiteElo "1170"]
[BlackElo "1325"]
[PlyCount "103"]
[EventDate "2003.07.14"]
[EventType "swiss"]
[EventRounds "11"]
[EventCountry "DEN"]
[SourceDate "2004.01.01"]

1. e4 e5 2. f4 exf4 3. Bc4 Qh4+ 4. Kf1 Nf6 5. Nf3 Qh5 6. Qe1 d6 7. e5 dxe5 8.
Nxe5 Be6 9. Nxf7 Qxf7 10. Bxe6 Qe7 11. Bc8 Qxe1+ 12. Kxe1 Nbd7 13. Bxb7 Rd8 14.
Bc6 Be7 15. d4 Bd6 16. Rf1 g5 17. g3 O-O 18. gxf4 Bxf4 19. Bxf4 gxf4 20. Rxf4
Nb6 21. Nd2 Nbd5 22. Bxd5+ Nxd5 23. Rxf8+ Rxf8 24. Nc4 Rf4 25. Rd1 Rh4 26. Rd2
Nf6 27. Rg2+ Kf8 28. c3 Ng4 29. h3 Nf6 30. Rf2 Ke7 31. Rf3 Nd5 32. Ne3 Nxe3 33.
Rxe3+ Kd7 34. Kd2 Rh6 35. Rg3 Kc6 36. c4 Rh4 37. Ke3 Rh6 38. Kd3 Rf6 39. Kc3
Rf1 40. Kb4 Rf2 41. Rb3 h5 42. d5+ Kd6 43. Kb5 h4 44. a4 Rc2 45. a5 a6+ 46.
Kxa6 Rxc4 47. Kb7 c5 48. a6 Re4 49. Rb6+ Kxd5 50. a7 Re7+ 51. Ka6 Re4 52. a8=Q+
1-0

[Event "25. Copenhagen Open  (Politiken Cup)"]
[Site "Copenhagen"]
[Date "2003.07.20"]
[Round "7"]
[White "Nielsen, Michael B"]
[Black "Hein, Jacob"]
[Result "1-0"]
[WhiteElo "1327"]
[BlackElo "1220"]
[PlyCount "29"]
[EventDate "2003.07.14"]
[EventType "swiss"]
[EventRounds "11"]
[EventCountry "DEN"]
[SourceDate "2004.01.01"]

1. e4 e5 2. Nc3 Nc6 3. f4 exf4 4. d4 Qh4+ 5. Ke2 d6 6. Nf3 Bg4 7. Bxf4 Bxf3+ 8.
gxf3 Qxf4 9. Nd5 Na5 10. Nxf4 O-O-O 11. c3 g5 12. Qa4 Nc6 13. Nd3 f6 14. e5
Nce7 15. Qxa7 1-0

[Event "25. Copenhagen Open  (Politiken Cup)"]
[Site "Copenhagen"]
[Date "2003.07.20"]
[Round "7"]
[White "Nielsen, Palle"]
[Black "Christensen, Jan N"]
[Result "0-1"]
[WhiteElo "1650"]
[BlackElo "2053"]
[PlyCount "98"]
[EventDate "2003.07.14"]
[EventType "swiss"]
[EventRounds "11"]
[EventCountry "DEN"]
[SourceDate "2004.01.01"]

1. d4 Nf6 2. Nf3 g6 3. Bf4 Bg7 4. c3 d6 5. h3 O-O 6. e3 c6 7. Be2 Qc7 8. Nbd2
Nbd7 9. Bh2 a5 10. O-O b5 11. Rc1 b4 12. c4 c5 13. b3 Nb6 14. dxc5 Qxc5 15. Nd4
Bb7 16. Bf3 Rab8 17. Bxb7 Rxb7 18. Qf3 Rd7 19. Rfd1 Rc8 20. Kh1 Rdd8 21. Ne2 d5
22. cxd5 Qxd5 23. Qxd5 Nfxd5 24. Rxc8 Rxc8 25. Nc4 Kf8 26. e4 Nxc4 27. Rxd5 Nd6
28. e5 Ne4 29. f4 Nc3 30. Rd2 e6 31. Rc2 f6 32. Nd4 Ke7 33. Nf3 Rd8 34. Bg1 Rd1
35. Kh2 Ra1 36. Bd4 Rxa2 37. Rxa2 Nxa2 38. Bb6 fxe5 39. fxe5 Kd7 40. Bxa5 Kc6
41. Bd8 Kd5 42. Bf6 Bh6 43. Be7 Bf4+ 44. g3 Bxe5 45. Nxe5 Kxe5 46. g4 Kd4 47.
Kg3 e5 48. Kf3 e4+ 49. Ke2 Nc3+ 0-1

[Event "25. Copenhagen Open  (Politiken Cup)"]
[Site "Copenhagen"]
[Date "2003.07.20"]
[Round "7"]
[White "Nilsson, Jonas"]
[Black "Trarup, Jorgen"]
[Result "1-0"]
[WhiteElo "1631"]
[BlackElo "1360"]
[PlyCount "101"]
[EventDate "2003.07.14"]
[EventType "swiss"]
[EventRounds "11"]
[EventCountry "DEN"]
[SourceDate "2004.01.01"]

1. e4 c5 2. Nf3 Nc6 3. d4 cxd4 4. Nxd4 g6 5. Be3 Bh6 6. Nxc6 bxc6 7. Qd4 f6 8.
Nc3 Bxe3 9. Qxe3 Qb6 10. Qd2 Ba6 11. O-O-O Bxf1 12. Qxd7+ Kf7 13. Rhxf1 Rb8 14.
b3 Rb7 15. Qd4 Nh6 16. f3 Re8 17. Qxb6 axb6 18. Rd3 Kf8 19. Rfd1 Nf7 20. Rd7
Reb8 21. Rxb7 Rxb7 22. Ne2 e5 23. c4 Ke7 24. Kc2 h5 25. Rd2 Rd7 26. Rxd7+ Kxd7
27. Kc3 c5 28. a3 Kc6 29. b4 b5 30. cxb5+ Kxb5 31. bxc5 Kxc5 32. a4 Nd6 33. Nc1
Nb7 34. Nd3+ Kb6 35. Kc4 Kc6 36. Nb4+ Kd7 37. Kb5 Nd6+ 38. Kc5 f5 39. Kd5 fxe4
40. fxe4 g5 41. a5 g4 42. a6 Nc8 43. Kxe5 Kc7 44. Kf6 h4 45. e5 Kd8 46. e6 h3
47. g3 Ke8 48. Nd5 Nd6 49. a7 Ne4+ 50. Ke5 Nxg3 51. a8=Q# 1-0

[Event "25. Copenhagen Open  (Politiken Cup)"]
[Site "Copenhagen"]
[Date "2003.07.20"]
[Round "7"]
[White "Nilsson, Nils Specht"]
[Black "Nielsen, Thomas"]
[Result "1-0"]
[WhiteElo "2149"]
[BlackElo "2028"]
[PlyCount "55"]
[EventDate "2003.07.14"]
[EventType "swiss"]
[EventRounds "11"]
[EventCountry "DEN"]
[SourceDate "2004.01.01"]

1. e4 c6 2. c4 d5 3. exd5 cxd5 4. d4 Nf6 5. Nc3 Nc6 6. Bg5 Bg4 7. Qa4 e6 8.
cxd5 exd5 9. Bb5 Qd7 10. h3 Bh5 11. g4 Bg6 12. Nf3 Bd6 13. O-O-O O-O 14. Ne5
Bxe5 15. dxe5 Ne4 16. Nxe4 Bxe4 17. Qxe4 Qc7 18. Qa4 Nd4+ 19. Kb1 Nf3 20. Qf4
Qc5 21. Qxf3 Qxb5 22. Rxd5 Qc6 23. Rc1 Qg6+ 24. Qd3 Qe6 25. f4 h6 26. f5 Qb6
27. Be3 Qb4 28. Bc5 1-0

[Event "25. Copenhagen Open  (Politiken Cup)"]
[Site "Copenhagen"]
[Date "2003.07.20"]
[Round "7"]
[White "Nhr, Finn"]
[Black "Madsen, Gert Medom"]
[Result "1-0"]
[WhiteElo "2136"]
[BlackElo "1734"]
[PlyCount "73"]
[EventDate "2003.07.14"]
[EventType "swiss"]
[EventRounds "11"]
[EventCountry "DEN"]
[SourceDate "2004.01.01"]

1. e4 c5 2. c3 Nf6 3. e5 Nd5 4. d4 cxd4 5. Nf3 e6 6. cxd4 d6 7. a3 Nc6 8. Bd3
dxe5 9. dxe5 Be7 10. O-O O-O 11. Re1 Bd7 12. Bc2 Rc8 13. Qd3 g6 14. Bd2 Qc7 15.
Bb3 Rcd8 16. Bh6 a6 17. Bxf8 Bxf8 18. Nc3 Nxc3 19. Qxc3 Bg7 20. Rad1 Rc8 21.
Qd2 Be8 22. Qe3 Qa5 23. Ng5 Rc7 24. Nf3 Rc8 25. Nd4 Qxe5 26. Qxe5 Nxe5 27. Nxe6
Bf6 28. f4 Ng4 29. h3 Nh6 30. g4 Bxb2 31. Nd8 Kf8 32. Nxb7 Bc6 33. Rd8+ Rxd8
34. Nxd8 Bb5 35. a4 Bc3 36. axb5 Bxe1 37. bxa6 1-0

[Event "25. Copenhagen Open  (Politiken Cup)"]
[Site "Copenhagen"]
[Date "2003.07.20"]
[Round "7"]
[White "Ottosen, Peder"]
[Black "Johansen, Anders Sten"]
[Result "1-0"]
[WhiteElo "1830"]
[BlackElo "1590"]
[PlyCount "71"]
[EventDate "2003.07.14"]
[EventType "swiss"]
[EventRounds "11"]
[EventCountry "DEN"]
[SourceDate "2004.01.01"]

1. d4 Nf6 2. c4 e6 3. Nf3 b6 4. g3 Bb7 5. Bg2 Be7 6. O-O O-O 7. b3 d6 8. Bb2
Nbd7 9. Nc3 Ne4 10. Nxe4 Bxe4 11. Rc1 f5 12. d5 e5 13. Bh3 f4 14. Be6+ Kh8 15.
e3 fxe3 16. fxe3 Nc5 17. Nd2 Bg6 18. Bh3 Bg5 19. Rf3 Qe7 20. Ba3 Nd3 21. Rc3 e4
22. Rf4 Bxf4 23. gxf4 Qh4 24. Qf1 Rae8 25. Bg2 Ne1 26. Bh3 Bh5 27. Rc1 Nf3+ 28.
Nxf3 Bxf3 29. Bb2 h6 30. Be6 Kh7 31. Qf2 Qxf2+ 32. Kxf2 g5 33. Rg1 Rxe6 34.
dxe6 g4 35. f5 Kg8 36. f6 1-0

[Event "25. Copenhagen Open  (Politiken Cup)"]
[Site "Copenhagen"]
[Date "2003.07.20"]
[Round "7"]
[White "Pedersen, Audun"]
[Black "Knudsen, Jes West"]
[Result "1/2-1/2"]
[WhiteElo "1536"]
[BlackElo "2015"]
[PlyCount "95"]
[EventDate "2003.07.14"]
[EventType "swiss"]
[EventRounds "11"]
[EventCountry "DEN"]
[SourceDate "2004.01.01"]

1. d4 Nf6 2. c4 c5 3. d5 e6 4. Nc3 exd5 5. cxd5 d6 6. e4 g6 7. f4 Bg7 8. Bb5+
Nfd7 9. Nf3 O-O 10. O-O a6 11. Bd3 Re8 12. a4 Nf8 13. h3 Nbd7 14. Re1 h5 15.
Kh1 b6 16. Qd2 Ra7 17. Qf2 Rc7 18. Qe2 Bb7 19. Bxa6 Bxc3 20. bxc3 Bxd5 21. Qd3
Nb8 22. Bb5 Bc6 23. Bc4 Rce7 24. Ng5 d5 25. Bb5 f6 26. Nf3 Rxe4 27. Rxe4 Rxe4
28. c4 Re8 29. cxd5 Bxb5 30. axb5 Qd6 31. Bd2 Nbd7 32. Nh4 f5 33. Ra7 Re4 34.
Qg3 Kh7 35. Bc3 Qxd5 36. Qg5 Qf7 37. Be5 Re1+ 38. Kh2 Rd1 39. Qd8 Kg8 40. Qc8
Rd2 41. Nf3 Ra2 42. Rxa2 Qxa2 43. Bd6 Qd5 44. Bxf8 Nxf8 45. Ne5 Qe6 46. Qd8 Kg7
47. Qc7+ Kg8 48. Qd8 1/2-1/2

[Event "25. Copenhagen Open  (Politiken Cup)"]
[Site "Copenhagen"]
[Date "2003.07.20"]
[Round "7"]
[White "Pedersen, Kaj Vinding"]
[Black "Vik Hansen, Rune"]
[Result "0-1"]
[WhiteElo "1553"]
[BlackElo "1787"]
[PlyCount "48"]
[EventDate "2003.07.14"]
[EventType "swiss"]
[EventRounds "11"]
[EventCountry "DEN"]
[SourceDate "2004.01.01"]

1. d4 Nf6 2. Nf3 g6 3. c4 c5 4. Nc3 Bg7 5. d5 e6 6. e4 exd5 7. exd5 O-O 8. Be2
d6 9. O-O a6 10. Bf4 Qc7 11. h3 Nbd7 12. Rc1 Re8 13. Bd3 Nh5 14. Bd2 Ne5 15.
Re1 Bd7 16. Bf1 Rab8 17. b3 b5 18. Ne4 b4 19. Nh2 f5 20. Ng5 Qc8 21. f4 Nf7 22.
Nxf7 Bd4+ 23. Be3 Rxe3 24. Be2 Rd3+ 0-1

[Event "25. Copenhagen Open  (Politiken Cup)"]
[Site "Copenhagen"]
[Date "2003.07.20"]
[Round "7"]
[White "Pettersson, Daniel"]
[Black "Lie, Terje"]
[Result "1-0"]
[WhiteElo "1850"]
[BlackElo "1000"]
[PlyCount "111"]
[EventDate "2003.07.14"]
[EventType "swiss"]
[EventRounds "11"]
[EventCountry "DEN"]
[SourceDate "2004.01.01"]

1. d4 Nf6 2. Nf3 e6 3. Bg5 Bb4+ 4. c3 Be7 5. Nbd2 d5 6. e3 O-O 7. Bd3 c5 8. O-O
Nc6 9. Re1 c4 10. Bc2 b5 11. Bh4 h6 12. e4 dxe4 13. Nxe4 Bb7 14. Bxf6 Bxf6 15.
Qe2 Re8 16. Rad1 Qe7 17. Nc5 Nd8 18. Ne5 Bd5 19. f4 Nc6 20. Ng4 Rad8 21. Ne4
Bh4 22. g3 f5 23. gxh4 Qxh4 24. Nef2 fxg4 25. Qxg4 Qxg4+ 26. Nxg4 Bf3 27. Be4
Bxd1 28. Rxd1 Nb8 29. Ne5 Rd6 30. Kf2 Rf8 31. Ke3 Rf6 32. Rg1 Rd8 33. Ng4 Rdf8
34. Nxf6+ Rxf6 35. a4 a6 36. axb5 axb5 37. Ra1 g5 38. fxg5 hxg5 39. Ra5 Rh6 40.
Ra8 Rxh2 41. Rxb8+ Kg7 42. Rxb5 Kf6 43. Bf3 Rh3 44. Kf2 Rh4 45. Rc5 Rh2+ 46.
Bg2 g4 47. Kg3 Rh8 48. Kxg4 Rb8 49. Rxc4 Rxb2 50. Bf3 Rc2 51. Rc6 Ke7 52. Kf4
Rc1 53. Bg4 Rf1+ 54. Kg5 Kd7 55. Rxe6 Rg1 56. Re1+ 1-0

[Event "25. Copenhagen Open  (Politiken Cup)"]
[Site "Copenhagen"]
[Date "2003.07.20"]
[Round "7"]
[White "Preuss, Flemming"]
[Black "Lonborg, Morten"]
[Result "0-1"]
[WhiteElo "2083"]
[BlackElo "2185"]
[PlyCount "92"]
[EventDate "2003.07.14"]
[EventType "swiss"]
[EventRounds "11"]
[EventCountry "DEN"]
[SourceDate "2004.01.01"]

1. e4 c5 2. Nc3 d6 3. g3 Nc6 4. Bg2 g6 5. d3 Bg7 6. Be3 e6 7. f4 Nge7 8. Nf3
O-O 9. O-O b6 10. d4 d5 11. e5 Ba6 12. Re1 Rc8 13. Ne2 Na5 14. g4 Nc4 15. Bc1
f6 16. b3 Na5 17. exf6 Bxf6 18. Bd2 Nac6 19. c3 Qd6 20. Be3 cxd4 21. Nexd4 Nxd4
22. cxd4 Rc3 23. Bd2 Rd3 24. Bf1 Rxf3 25. Qxf3 Bxd4+ 26. Kg2 Bxf1+ 27. Rxf1
Bxa1 28. Rxa1 e5 29. Rf1 exf4 30. Bxf4 Qe6 31. Qg3 Qe4+ 32. Kg1 Nc6 33. Bh6
Rxf1+ 34. Kxf1 Ne5 35. h3 Kf7 36. Qc3 Qf3+ 37. Qxf3+ Nxf3 38. Be3 Ke6 39. a4
Ke5 40. a5 bxa5 41. Ke2 Nd4+ 42. Kd3 Nxb3 43. Bxa7 a4 44. Bb8+ Ke6 45. Kc3 Nc5
46. Bf4 Ne4+ 0-1

[Event "25. Copenhagen Open  (Politiken Cup)"]
[Site "Copenhagen"]
[Date "2003.07.20"]
[Round "7"]
[White "Radovic, Slobodan"]
[Black "Andersen, Bjarne Hjorth"]
[Result "0-1"]
[WhiteElo "1391"]
[BlackElo "1807"]
[PlyCount "126"]
[EventDate "2003.07.14"]
[EventType "swiss"]
[EventRounds "11"]
[EventCountry "DEN"]
[SourceDate "2004.01.01"]

1. d4 Nf6 2. c4 g6 3. Nf3 Bg7 4. Nc3 d5 5. Qb3 dxc4 6. Qxc4 O-O 7. Bf4 c6 8. e3
Nbd7 9. Qb3 Nb6 10. Be5 Be6 11. Qc2 h6 12. Be2 Nc4 13. Rd1 Qa5 14. O-O Nd6 15.
Nd2 Nd7 16. f4 Nf5 17. Kf2 f6 18. g4 Nxe3 19. Kxe3 fxe5 20. dxe5 Qc5+ 21. Kf3
Nxe5+ 22. Kg2 Nxg4 23. Bxg4 Bxg4 24. Rde1 Bf5 25. Qb3+ Kh7 26. Qxb7 Rab8 27.
Qxe7 Qxe7 28. Rxe7 Rxb2 29. Rf2 Kg8 30. Nde4 Bxe4+ 31. Nxe4 Rxf2+ 32. Nxf2 Rxf4
33. Nh3 Ra4 34. Re6 Rxa2+ 35. Kg3 Kf7 36. Rxc6 Be5+ 37. Kf3 Bxh2 38. Nf2 Ra3+
39. Kg2 Be5 40. Ne4 a5 41. Ra6 Ra1 42. Nc5 h5 43. Kf3 Bd4 44. Ne6 Bf6 45. Nc5
g5 46. Ne4 Rf1+ 47. Kg2 Rf4 48. Nxf6 Rxf6 49. Rxa5 Kg6 50. Kh3 h4 51. Kg4 Rf4+
52. Kh3 Rf3+ 53. Kg2 g4 54. Ra8 h3+ 55. Kh2 Kg5 56. Rg8+ Kf4 57. Rf8+ Ke3 58.
Re8+ Kf2 59. Rg8 Rf4 60. Rg7 Kf1 61. Ra7 Rf2+ 62. Kh1 g3 63. Rf7 g2+ 0-1

[Event "25. Copenhagen Open  (Politiken Cup)"]
[Site "Copenhagen"]
[Date "2003.07.20"]
[Round "7"]
[White "Rasmussen, Peter Nybo"]
[Black "McShane, Rod"]
[Result "1-0"]
[WhiteElo "1692"]
[BlackElo "1500"]
[PlyCount "41"]
[EventDate "2003.07.14"]
[EventType "swiss"]
[EventRounds "11"]
[EventCountry "DEN"]
[SourceDate "2004.01.01"]

1. d4 d6 2. e4 b6 3. c4 Bb7 4. Nc3 g6 5. Nf3 Bg7 6. Be2 e6 7. O-O Nd7 8. Be3
Ne7 9. Qd2 c6 10. Bh6 Rg8 11. Qf4 Qc7 12. Ng5 O-O-O 13. Qxf7 Bxh6 14. Nxe6 Qb8
15. Qxe7 Rde8 16. Qh4 Bd2 17. d5 g5 18. Qxh7 Ne5 19. Rfd1 Bf4 20. g3 Rh8 21.
Qf5 1-0

[Event "25. Copenhagen Open  (Politiken Cup)"]
[Site "Copenhagen"]
[Date "2003.07.20"]
[Round "7"]
[White "Rasmussen, Poul"]
[Black "Rasmussen, Henning"]
[Result "1/2-1/2"]
[WhiteElo "1498"]
[BlackElo "1816"]
[PlyCount "60"]
[EventDate "2003.07.14"]
[EventType "swiss"]
[EventRounds "11"]
[EventCountry "DEN"]
[SourceDate "2004.01.01"]

1. e4 g6 2. d4 Bg7 3. Nc3 d6 4. Be3 c6 5. Nf3 Nf6 6. h3 O-O 7. Bc4 b5 8. Bd3
Nbd7 9. O-O b4 10. Ne2 Bb7 11. Ng3 c5 12. b3 Ne8 13. Rb1 Nc7 14. Qd2 a5 15. Bh6
Bc6 16. Bxg7 Kxg7 17. Qg5 h6 18. Nf5+ Kg8 19. Nxh6+ Kh7 20. Ng4 Rh8 21. Rfe1
Ne6 22. Qd2 cxd4 23. Bc4 Ndf8 24. Nxd4 Nxd4 25. Qxd4 Kg8 26. Qe3 Kg7 27. Rbd1
Bd7 28. Qd4+ f6 29. f3 Ne6 30. Bxe6 Bxe6 1/2-1/2

[Event "25. Copenhagen Open  (Politiken Cup)"]
[Site "Copenhagen"]
[Date "2003.07.20"]
[Round "7"]
[White "Rendboe, John Filip"]
[Black "Marder, Simon"]
[Result "1/2-1/2"]
[WhiteElo "2239"]
[BlackElo "2067"]
[PlyCount "60"]
[EventDate "2003.07.14"]
[EventType "swiss"]
[EventRounds "11"]
[EventCountry "DEN"]
[SourceDate "2004.01.01"]

1. c4 g5 2. d4 Bg7 3. Nc3 h6 4. e4 d6 5. Be3 c6 6. Qd2 a6 7. f3 Nf6 8. Bd3 Nbd7
9. Nge2 Nf8 10. h4 gxh4 11. Rxh4 Qa5 12. Bxh6 Ng8 13. Bg5 Rxh4 14. Bxh4 Bh6 15.
f4 Bg4 16. d5 Ng6 17. Bg3 e5 18. dxe6 fxe6 19. O-O-O Nf6 20. Rf1 O-O-O 21. Kb1
Nh5 22. Bh2 Rf8 23. g3 Ne5 24. Qc2 Nf3 25. Bg1 e5 26. Be3 Nxg3 27. Nxg3 exf4
28. Nf5 fxe3 29. Qg2 Nd2+ 30. Kc2 e2 1/2-1/2

[Event "25. Copenhagen Open  (Politiken Cup)"]
[Site "Copenhagen"]
[Date "2003.07.20"]
[Round "7"]
[White "Riis, Jens"]
[Black "Harestad, Hans Krogh"]
[Result "0-1"]
[WhiteElo "2067"]
[BlackElo "2249"]
[PlyCount "110"]
[EventDate "2003.07.14"]
[EventType "swiss"]
[EventRounds "11"]
[EventCountry "DEN"]
[SourceDate "2004.01.01"]

1. Nf3 Nf6 2. d4 g6 3. Bg5 Bg7 4. Nbd2 d6 5. c3 Nbd7 6. e4 O-O 7. Qc2 c5 8. Be2
a6 9. a4 b6 10. O-O Bb7 11. Rfe1 Rc8 12. d5 h6 13. Bh4 g5 14. Bg3 Nh5 15. Nf1
Qc7 16. h4 Nxg3 17. Nxg3 gxh4 18. Nf5 Rce8 19. Qd2 Kh7 20. Bd3 Ne5 21. Nxe5
dxe5 22. Qe2 a5 23. Qh5 Bc8 24. Nxh4 Bf6 25. Re3 Bxh4 26. Qxh4 Rg8 27. Be2 Rg5
28. Rg3 Reg8 29. Rxg5 Rxg5 30. Rf1 Qd6 31. f4 exf4 32. Qxf4 Qxf4 33. Rxf4 Kg7
34. Kf2 Bd7 35. b3 Kg6 36. Bd3 Re5 37. Ke3 f5 38. g3 Kg5 39. Kf2 fxe4 40. Bxe4
Bg4 41. Bf3 Bxf3 42. Kxf3 Rxd5 43. Ke3 Rd1 44. b4 e5 45. Rc4 axb4 46. cxb4 Rd4
47. Rxd4 exd4+ 48. Kd3 cxb4 49. Kxd4 Kg4 50. Kc4 Kxg3 51. Kxb4 h5 52. Kb5 h4
53. Kxb6 h3 54. a5 h2 55. a6 h1=Q 0-1

[Event "25. Copenhagen Open  (Politiken Cup)"]
[Site "Copenhagen"]
[Date "2003.07.20"]
[Round "7"]
[White "Rohrmueller, Ulrich"]
[Black "Jessen, Simon Pind"]
[Result "1-0"]
[WhiteElo "2268"]
[BlackElo "2085"]
[PlyCount "77"]
[EventDate "2003.07.14"]
[EventType "swiss"]
[EventRounds "11"]
[EventCountry "DEN"]
[SourceDate "2004.01.01"]

1. e4 e5 2. Bc4 Nf6 3. d3 Nc6 4. Nf3 Be7 5. O-O O-O 6. Re1 d6 7. c3 Bg4 8. Nbd2
a6 9. Bb3 d5 10. h3 dxe4 11. hxg4 exf3 12. Qxf3 Nd7 13. Ne4 Nc5 14. Nxc5 Bxc5
15. Bd5 Qf6 16. Qxf6 gxf6 17. Bxc6 bxc6 18. Be3 Bd6 19. Kf1 Rfb8 20. b3 Kg7 21.
Ke2 Kg6 22. Rh1 Bf8 23. Rh5 Bg7 24. Rah1 Rh8 25. R1h3 Rae8 26. Kd2 Bf8 27. Kc2
Re6 28. b4 Re8 29. Kb3 Rb8 30. Kc4 Rb5 31. d4 Bd6 32. dxe5 fxe5 33. Rh6+ Kg7
34. Bg5 Kf8 35. Rxh7 Rg8 36. Rh8 Rxh8 37. Rxh8+ Kg7 38. Ra8 c5 39. Rxa6 1-0